Statistics for Top 20 Words Starting with G

Click here to take the quiz!

General Stats

  • This quiz has been taken 984 times
  • The average score is 10 of 20

Answer Stats

ranklettersword% Correct
22go
98%
13get
88%
83got
78%
44give
77%
55great
71%
134game
64%
34good
63%
194gave
62%
143god
61%
184grow
60%
155green
50%
94girl
45%
65going
38%
105given
37%
75group
27%
176garden
20%
126ground
20%
205grant
18%
166growth
17%
117general
16%

Score Distribution

Percentile by Number Answered

Percent of People with Each Score

Your Score History

You have not taken this quiz